NFL First Team All Pro Offensive Tackles - Statistics

General Stats
  • This quiz has been taken 145 times
    34 since last reset
  • The average score is 47 of 114
Answer Stats
Year Team Tackle % Correct
2025 Lions Penei Sewell
90%
2024 Lions Penei Sewell
90%
2023 Lions Penei Sewell
90%
1996 Cowboys Erik Williams
86%
1993 Cowboys Erik Williams
86%
2023 49ers Trent Williams
86%
2022 49ers Trent Williams
86%
2021 49ers Trent Williams
86%
2021 Buccaneers Tristan Wirfs
86%
2015 Browns Joe Thomas
83%
2014 Browns Joe Thomas
83%
2013 Browns Joe Thomas
83%
2011 Browns Joe Thomas
83%
2010 Browns Joe Thomas
83%
2009 Browns Joe Thomas
83%
2022 Eagles Lane Johnson
79%
2017 Eagles Lane Johnson
79%
2020 Packers David Bakhtiari
76%
2018 Packers David Bakhtiari
76%
2016 Cowboys Tyron Smith
76%
2014 Cowboys Tyron Smith
76%
1990 Bengals Anthony Muñoz
72%
1989 Bengals Anthony Muñoz
72%
1988 Bengals Anthony Muñoz
72%
1987 Bengals Anthony Muñoz
72%
1986 Bengals Anthony Muñoz
72%
1985 Bengals Anthony Muñoz
72%
1983 Bengals Anthony Muñoz
72%
1982 Bengals Anthony Muñoz
72%
1981 Bengals Anthony Muñoz
72%
2025 Broncos Garrett Bolles
72%
2024 Buccaneers Tristan Wirfs
69%
2017 Rams Andrew Whitworth
59%
2015 Bengals Andrew Whitworth
59%
2003 Ravens Jonathan Ogden
59%
2002 Ravens Jonathan Ogden
59%
2000 Ravens Jonathan Ogden
59%
1997 Ravens Jonathan Ogden
59%
2019 Ravens Ronnie Stanley
59%
2003 Rams Orlando Pace
55%
2001 Rams Orlando Pace
55%
1999 Rams Orlando Pace
55%
2007 Seahawks Walter Jones
55%
2005 Seahawks Walter Jones
55%
2004 Seahawks Walter Jones
55%
2001 Seahawks Walter Jones
55%
1998 Cowboys Larry Allen
45%
1970 Rams Bob Brown
41%
2012 Texans Duane Brown
41%
2006 Saints Jammal Brown
41%
2013 Eagles Jason Peters
41%
2011 Eagles Jason Peters
41%
1995 Lions Lomas Brown
41%
2004 Chiefs Willie Roaf
41%
2003 Chiefs Willie Roaf
41%
1995 Saints Willie Roaf
41%
1994 Saints Willie Roaf
41%
1999 Jaguars Tony Boselli
38%
1998 Jaguars Tony Boselli
38%
1997 Jaguars Tony Boselli
38%
2010 Dolphins Jake Long
34%
2019 Saints Ryan Ramczyk
34%
2018 Chiefs Mitchell Schwartz
28%
2006 Bengals Willie Anderson
28%
2005 Bengals Willie Anderson
28%
2004 Bengals Willie Anderson
28%
1977 Raiders Art Shell
24%
1974 Raiders Art Shell
24%
2008 Panthers Jordan Gross
24%
2007 Patriots Matt Light
24%
1978 Cardinals Dan Dierdorf
21%
1977 Cardinals Dan Dierdorf
21%
1976 Cardinals Dan Dierdorf
21%
2020 Browns Jack Conklin
21%
2016 Titans Jack Conklin
21%
1984 Redskins Joe Jacoby
17%
1983 Redskins Joe Jacoby
17%
1976 Vikings Ron Yary
17%
1975 Vikings Ron Yary
17%
1974 Vikings Ron Yary
17%
1973 Vikings Ron Yary
17%
1972 Vikings Ron Yary
17%
1971 Vikings Ron Yary
17%
2012 Broncos Ryan Clady
17%
2009 Broncos Ryan Clady
17%
1996 Broncos Gary Zimmerman
14%
1988 Vikings Gary Zimmerman
14%
1987 Vikings Gary Zimmerman
14%
1986 Bears Jim Covert
14%
1985 Bears Jim Covert
14%
2000 Saints Kyle Turley
10%
1973 Cowboys Rayfield Wright
10%
1972 Cowboys Rayfield Wright
10%
1971 Cowboys Rayfield Wright
10%
1991 Redskins Jim Lachey
7%
1990 Redskins Jim Lachey
7%
1989 Redskins Jim Lachey
7%
1970 Chiefs Jim Tyrer
7%
2002 Raiders Lincoln Kennedy
7%
2008 Titans Michael Roos
7%
1991 Falcons Mike Kenn
7%
1980 Falcons Mike Kenn
7%
1994 Dolphins Richmond Webb
7%
1992 Dolphins Richmond Webb
7%
1975 Colts George Kunz
3%
1993 49ers Harris Barton
3%
1992 49ers Harris Barton
3%
1984 49ers Keith Fahnhorst
3%
1980 Oilers Leon Gray
3%
1979 Oilers Leon Gray
3%
1978 Patriots Leon Gray
3%
1982 Jets Marvin Powell
3%
1981 Jets Marvin Powell
3%
1979 Jets Marvin Powell
3%
No matching quizzes found
Score Distribution
Percent of People with Each Score
Percentile by Number Answered
Your Score History
You have not taken this quiz since the last reset